Cooper and Dunn's Tutorial Pharmacy / (Record no. 36318)
[ view plain ]
| 000 -LEADER | |
|---|---|
| fixed length control field | 00414nam a22001577a 4500 |
| 005 - DATE AND TIME OF LATEST TRANSACTION | |
| control field | 20240807090813.0 |
| 008 - FIXED-LENGTH DATA ELEMENTS--GENERAL INFORMATION | |
| fixed length control field | 240807b |||||||| |||| 00| 0 eng d |
| 082 ## - DEWEY DECIMAL CLASSIFICATION NUMBER | |
| Classification number | 612 |
| Item number | COO-T |
| 245 ## - TITLE STATEMENT | |
| Title | Cooper and Dunn's Tutorial Pharmacy / |
| Statement of responsibility, etc. | Carter.s.j |
| 250 ## - EDITION STATEMENT | |
| Edition statement | 6th ed. |
| 260 ## - PUBLICATION, DISTRIBUTION, ETC. | |
| Date of publication, distribution, etc. | 2008 |
| 300 ## - PHYSICAL DESCRIPTION | |
| Pages | ix,469p. |
| 500 ## - GENERAL NOTE | |
| General note | include index . |
| 650 ## - SUBJECT ADDED ENTRY--TOPICAL TERM | |
| Subject / Department | Pharmacy / tutorial pharmacy |
| 300 ## - PHYSICAL DESCRIPTION | |
| -- | ill; |
| -- | 24 cm. |
| 952 ## - LOCATION AND ITEM INFORMATION (KOHA) | |
| -- | 0 |
| -- | 0 |
| 952 ## - LOCATION AND ITEM INFORMATION (KOHA) | |
| -- | 0 |
| -- | 0 |
| 952 ## - LOCATION AND ITEM INFORMATION (KOHA) | |
| -- | 0 |
| -- | 0 |
| 952 ## - LOCATION AND ITEM INFORMATION (KOHA) | |
| -- | 0 |
| -- | 0 |
| 952 ## - LOCATION AND ITEM INFORMATION (KOHA) | |
| -- | 0 |
| -- | 0 |
| 952 ## - LOCATION AND ITEM INFORMATION (KOHA) | |
| -- | 0 |
| -- | 0 |
| 952 ## - LOCATION AND ITEM INFORMATION (KOHA) | |
| -- | 0 |
| -- | 0 |
| 952 ## - LOCATION AND ITEM INFORMATION (KOHA) | |
| -- | 0 |
| -- | 0 |
| 952 ## - LOCATION AND ITEM INFORMATION (KOHA) | |
| -- | 0 |
| -- | 0 |
| 952 ## - LOCATION AND ITEM INFORMATION (KOHA) | |
| -- | 0 |
| -- | 0 |
| Lost status | Damaged status | Collection code | Permanent Location | Current Location | Shelving Location | Date acquired | Full Call Number | Accession No./Barcode | Date last seen | Copy number | item type | Koha item type |
|---|---|---|---|---|---|---|---|---|---|---|---|---|
| Pharmacy | Superior Information Resource Center (SIRC) Superior University- Main Campus | Superior Information Resource Center (SIRC) Superior University- Main Campus | Tutorial Pharmacy | 08/07/2024 | 612 COO-T 2008 | 11069 | 08/07/2024 | 1 | BOOK | BOOK | ||
| Pharmacy | Superior Information Resource Center (SIRC) Superior University- Main Campus | Superior Information Resource Center (SIRC) Superior University- Main Campus | Tutorial Pharmacy | 08/07/2024 | 612 COO-T 2008 | 11070 | 08/07/2024 | 2 | BOOK | BOOK | ||
| Pharmacy | Superior Information Resource Center (SIRC) Superior University- Main Campus | Superior Information Resource Center (SIRC) Superior University- Main Campus | Tutorial Pharmacy | 08/07/2024 | 612 COO-T 2008 | 11071 | 08/07/2024 | 3 | BOOK | BOOK | ||
| Pharmacy | Superior Information Resource Center (SIRC) Superior University- Main Campus | Superior Information Resource Center (SIRC) Superior University- Main Campus | Tutorial Pharmacy | 08/07/2024 | 612 COO-T 2008 | 11072 | 08/07/2024 | 4 | BOOK | BOOK | ||
| Pharmacy | Superior Information Resource Center (SIRC) Superior University- Main Campus | Superior Information Resource Center (SIRC) Superior University- Main Campus | Tutorial Pharmacy | 08/07/2024 | 612 COO-T 2008 | 11073 | 08/07/2024 | 5 | BOOK | BOOK | ||
| Pharmacy | Superior Information Resource Center (SIRC) Superior University- Main Campus | Superior Information Resource Center (SIRC) Superior University- Main Campus | Tutorial Pharmacy | 08/07/2024 | 612 COO-T 2008 | 11074 | 08/07/2024 | 6 | BOOK | BOOK | ||
| Pharmacy | Superior Information Resource Center (SIRC) Superior University- Main Campus | Superior Information Resource Center (SIRC) Superior University- Main Campus | Tutorial Pharmacy | 08/07/2024 | 612 COO-T 2008 | 11075 | 08/07/2024 | 7 | BOOK | BOOK | ||
| Pharmacy | Superior Information Resource Center (SIRC) Superior University- Main Campus | Superior Information Resource Center (SIRC) Superior University- Main Campus | Tutorial Pharmacy | 08/07/2024 | 612 COO-T 2008 | 11076 | 08/07/2024 | 8 | BOOK | BOOK | ||
| Pharmacy | Superior Information Resource Center (SIRC) Superior University- Main Campus | Superior Information Resource Center (SIRC) Superior University- Main Campus | Tutorial Pharmacy | 08/07/2024 | 612 COO-T 2008 | 11077 | 08/07/2024 | 9 | BOOK | BOOK | ||
| Pharmacy | Superior Information Resource Center (SIRC) Superior University- Main Campus | Superior Information Resource Center (SIRC) Superior University- Main Campus | Tutorial Pharmacy | 08/07/2024 | 612 COO-T 2008 | 11078 | 08/07/2024 | 10 | BOOK | BOOK |
